BIBLIOTECA

SENCICO

Las dimensiones humanas en los espacios interiores / (Registro nro. 5020)

Detalles MARC
000 -LEADER
fixed length control field 01711nam a22002657a 4500
003 - CONTROL NUMBER IDENTIFIER
control field PE SENCICO BE
005 - DATE AND TIME OF LATEST TRANSACTION
control field 20251020182709.0
008 - FIXED-LENGTH DATA ELEMENTS--GENERAL INFORMATION
fixed length control field 241205b |||||||| |||| 00| 0 eng d
020 ## - INTERNATIONAL STANDARD BOOK NUMBER
International Standard Book Number 978-84-252-2174-3
040 ## - CATALOGING SOURCE
Original cataloging agency PE SENCICO BE
Transcribing agency PE SENCICO BE
041 ## - LANGUAGE CODE
Language code of text/sound track or separate title spa
082 ## - DEWEY DECIMAL CLASSIFICATION NUMBER
Classification number 620.82
Item number P23
100 1# - MAIN ENTRY--PERSONAL NAME
9 (RLIN) 2749
Personal name Panero, Julius
Relator term autor
245 1# - TITLE STATEMENT
Title Las dimensiones humanas en los espacios interiores /
Statement of responsibility, etc. Julius Panero, Martin Zelnik
250 ## - EDITION STATEMENT
Edition statement 1a ed.
260 ## - PUBLICATION, DISTRIBUTION, ETC.
Place of publication, distribution, etc. Barcelona :
Name of publisher, distributor, etc. Gustavo Gili ;
Date of publication, distribution, etc. 2013
300 ## - PHYSICAL DESCRIPTION
Extent 320 p. :
Other physical details diagrs. ;
Dimensions 30 cm.
505 0# - FORMATTED CONTENTS NOTE
Formatted contents note Las dimensiones humanas. Antropometría: teoría antropométrica -- Datos antropométricos. Aplicación -- Ancianos y personas físicamente disminuidas -- Antropometría del asiento -- La dimensión humana. Tablas antropométricas: Análisis metrológico -- Hombre y mujer adulto. Peso y dimensiones estructurales del cuerpo -- Hombre y mujer adulto. Dimensiones funcionales del cuerpo -- Hombre y mujer adulto. Dimensiones del cuerpo -- Hombre adulto: posiciones de trabajo -- Niños de 6 a 11 años de edad: Peso y dimensiones estructurales del cuerpo -- Dimensiones masculinas de la cabeza, palma de mano y pie -- Movimiento articulatorio -- Espacio interior: normas de referencia para diseño básico: espacios residenciales -- Espacios de oficinas -- Espacios de venta -- Espacios para comer y beber -- Espacios de atención sanitaria -- Espacios recreativos y de esparcimiento -- Espacios públicos -- Espacios audiovisuales
650 10 - SUBJECT ADDED ENTRY--TOPICAL TERM
9 (RLIN) 1800
Topical term or geographic name entry element Antropometría
650 20 - SUBJECT ADDED ENTRY--TOPICAL TERM
9 (RLIN) 1801
Topical term or geographic name entry element Dimensiones huamanas
650 20 - SUBJECT ADDED ENTRY--TOPICAL TERM
9 (RLIN) 349
Topical term or geographic name entry element Ergonomía
700 1# - ADDED ENTRY--PERSONAL NAME
9 (RLIN) 2750
Personal name Zelnik, Martin
Relator term autor
910 ## - USER-OPTION DATA (OCLC)
User-option data hfp
-- hfp
-- hfp
942 ## - ADDED ENTRY ELEMENTS (KOHA)
Source of classification or shelving scheme Dewey Decimal Classification
Koha item type Libros
Existencias
Fecha de la última vez que lo usaron Pago total Signatura topográfica completa Código de barras Precio efectivo desde Tipo de documento Estado perdido Sistema de clasificación Estado dañado No es para préstamo Retirado Ubicación permanente Ubicación actual Fecha de adquisición Fuente de adquisición
05/12/2024   620.82/P23 BibLima24120017 05/12/2024 Libros   Dewey Decimal Classification       Biblioteca Central Lima Biblioteca Central Lima 18/11/2024 Comprado de la librería Cydma Tech